00560nam a2200193Ia 4500003000900000005001700009008004100026040001300067040001300080041000800093100002100101245017000122250001000292260002600302260000900328300001300337300001000350490000600360IT-RoPAU20220918175653.0120407s9999 xx 000 0 und d aIT-RoPAU cIT-RoPAU aita aM. Joseph Oberto aDimensione eucaristica, dimensione liturgica dell’apostolato eucaristico-sacerdotale-liturgico. (Relazione del 10 Aprile 1987) - IV Capitolo Generale, Ariccia 1987 aRoma  aCasa Generalizia PDDM c1987 a11042 p. c30 cm v1